000 00502cam a2200205 4500
001 D1628
008 090401t1985 xxu||||| |||| 00| 0 eng d
035 _a(Sirsi) u65016
041 _aeng
050 _a690.230285
100 _aBrandon, Peter S
245 _aComputer programs for building cost appraisal
260 _aLondon
_bCollins
_c1985
300 _axii. 234p. 24cm
350 _a11.95
700 _aMoore, Geoffrey R
700 _aMain, Phillip R
942 _n0
948 _c04/03/1997
999 _c94725
_d94725